000 00795nam a2200217Ia 4500
003 GCL
008 140319s9999 xx 000 0 ara d
040 _aGCL /
_cGCL
082 0 4 _aد
_b071.962
_bع ع
100 1 _aعبدالله النديم الادريسى
245 1 0 _aعبدالله النديم الاعداد الكاملة لمجلة الاستاذ: جريدة علمية تهذيبية فكاهية /
_cعبدالله النديم الادريسى
300 _aمتعدد
490 _aموسوعة عالم الطبخ
_v0
650 0 4 _aالثقافة العربية
650 0 4 _aالصحافة
650 0 4 _aالصحافة العربية
650 0 4 _aالتنوير
650 0 4 _aالترجمة الذاتية
650 0 4 _aعبدالله النديم
942 _2ddc
_cCF
999 _c27123
_d27123